00936cam a2200229 45000010005000000030008000050050017000130080039000300350018000690400023000870410008001100820027001181000033001452450115001782600027002933000047003203500009003675040029003765050258004055260014006636510029006772923BD-RjUL20211208233637.0131217s1967 enkab b 000 0 eng a(BD-RjUL)2951 aDLCcDLCdDLCbeng aeng00a330.9561216bSHF 19671 aShorter, Frederic Claiborne.10aFour studies on the economic development of Turkey /cFrederic C. Shorter (co-author and editor) [and others.] aLondon :bCass,c1967. a[11], 145 p.bmap, tables, diagrs.c22 cm. a45/- aIncludes bibliographies.0 aIntroduction, by F. C. Shorter.--Politics and development policy, by D. A. Rustow.--Military expenditures and the allocation of resources, by F. C. Shorter.--Types of rural development, by J. F. Kolars.--Development of the financial system, by O. Yenal. bEconomics 0aTurkeyxEconomic policy.